| Tag |
First Indicator |
Second Indicator |
Subfields |
| LEADER |
00000cas a2200000 4500 |
| 001 |
in00000508913 |
| 005 |
20151013065707.0 |
| 008 |
781117d19781991nyuqx1p 0uuua0eng d |
| 010 |
|
|
|a 79644923
|z sn 79001171
|
| 012 |
|
|
|a 4
|k 1
|l 1
|
| 022 |
|
|
|a 0149-5941
|z 0149-0443
|
| 030 |
|
|
|a CONFDZ
|
| 035 |
|
|
|a (OCoLC)04380854
|
| 035 |
|
|
|9 ACD9198AM
|
| 040 |
|
|
|a LRU
|c LRU
|d NSD
|d DLC
|d NSD
|d NST
|d TXA
|d UtOrBLW
|
| 042 |
|
|
|a lc
|a nsdp
|
| 049 |
|
|
|a TXAE
|
| 050 |
0 |
0 |
|a JA1
|b .C65
|
| 082 |
0 |
|
|a 320/.05
|
| 210 |
0 |
|
|a Conflict
|b (New York. 1978)
|
| 222 |
|
0 |
|a Conflict
|b (New York. 1978)
|
| 245 |
0 |
0 |
|a Conflict.
|
| 264 |
|
1 |
|a New York :
|b Crane, Russak,
|c 1978-
|
| 264 |
|
4 |
|c ©1991
|
| 300 |
|
|
|a 11 volumes ;
|c 23 cm.
|
| 310 |
|
|
|a 4 no. a year
|
| 336 |
|
|
|a text
|b txt
|2 rdacontent
|
| 337 |
|
|
|a unmediated
|b n
|2 rdamedia
|
| 338 |
|
|
|a volume
|b nc
|2 rdacarrier
|
| 362 |
0 |
|
|a v. 1-11, no. 4 ; 1978-Oct.-Dec. 1991.
|
| 510 |
0 |
|
|a ABC pol sci
|x 0001-0456
|
| 510 |
0 |
|
|a Historical abstracts. Part A. Modern history abstracts
|x 0363- 2717
|
| 510 |
0 |
|
|a Historical abstracts. Part B. Twentieth century abstracts
|x 0363-2725
|
| 510 |
0 |
|
|a Public Affairs Information Service bulletin
|x 0033-3409
|b 1984-
|
| 580 |
|
|
|a Merged with Terrorism, to form: Studies in conflict and terrorism.
|
| 650 |
|
0 |
|a Political science
|v Periodicals.
|
| 650 |
|
0 |
|a International relations
|v Periodicals.
|
| 650 |
|
0 |
|a Violence
|x Periodicals.
|
| 650 |
|
0 |
|a Policy sciences
|v Periodicals.
|
| 785 |
1 |
7 |
|t Terrorism
|x 0149-0389
|w (DLC) 78642175
|w (OCoLC)3421932
|
| 785 |
1 |
7 |
|t Studies in conflict and terrorism
|x 1057-610X
|w (DLC)sn 91002126
|w (OCoLC)24081047
|
| 999 |
|
|
|a MARS
|
| 999 |
f |
f |
|s 52cccc5b-2121-3a10-9932-406ac4441af4
|i 3cf3ca1f-6f80-3ace-a396-c2c45306e4f3
|t 0
|
| 952 |
f |
f |
|p ric
|a Texas A&M University
|b Rellis Campus
|c Joint Library Facility
|d Remote Storage
|t 0
|e JA1 .C65
|h Library of Congress classification
|i unmediated -- volume
|k v.3
|l 1981/1982
|m A14823979568
|
| 952 |
f |
f |
|p ric
|a Texas A&M University
|b Rellis Campus
|c Joint Library Facility
|d Remote Storage
|t 0
|e JA1 .C65
|h Library of Congress classification
|i unmediated -- volume
|k v.1
|l 1978/1979
|m A14823979461
|
| 952 |
f |
f |
|p ric
|a Texas A&M University
|b Rellis Campus
|c Joint Library Facility
|d Remote Storage
|t 0
|e JA1 .C65
|h Library of Congress classification
|i unmediated -- volume
|k v.5
|l 1983/1985
|m A14812193060
|
| 952 |
f |
f |
|p ric
|a Texas A&M University
|b Rellis Campus
|c Joint Library Facility
|d Remote Storage
|t 0
|e JA1 .C65
|h Library of Congress classification
|i unmediated -- volume
|k v.10
|l 1990
|m A14815160545
|
| 952 |
f |
f |
|p ric
|a Texas A&M University
|b Rellis Campus
|c Joint Library Facility
|d Remote Storage
|t 0
|e JA1 .C65
|h Library of Congress classification
|i unmediated -- volume
|k v.4
|l 1983
|m A14823979615
|
| 952 |
f |
f |
|p ric
|a Texas A&M University
|b Rellis Campus
|c Joint Library Facility
|d Remote Storage
|t 0
|e JA1 .C65
|h Library of Congress classification
|i unmediated -- volume
|k v.8
|l 1988
|m A14811947296
|
| 952 |
f |
f |
|p ric
|a Texas A&M University
|b Rellis Campus
|c Joint Library Facility
|d Remote Storage
|t 0
|e JA1 .C65
|h Library of Congress classification
|i unmediated -- volume
|k v.6
|l 1985/1986
|m A14823979665
|
| 952 |
f |
f |
|p ric
|a Texas A&M University
|b Rellis Campus
|c Joint Library Facility
|d Remote Storage
|t 0
|e JA1 .C65
|h Library of Congress classification
|i unmediated -- volume
|k v.11
|l 1991
|m A14816074399
|
| 952 |
f |
f |
|p ric
|a Texas A&M University
|b Rellis Campus
|c Joint Library Facility
|d Remote Storage
|t 0
|e JA1 .C65
|h Library of Congress classification
|i unmediated -- volume
|k v.2
|l 1980
|m A14823979518
|
| 952 |
f |
f |
|p ric
|a Texas A&M University
|b Rellis Campus
|c Joint Library Facility
|d Remote Storage
|t 0
|e JA1 .C65
|h Library of Congress classification
|i unmediated -- volume
|k v.7
|l 1987
|m A14811421517
|
| 952 |
f |
f |
|p ric
|a Texas A&M University
|b Rellis Campus
|c Joint Library Facility
|d Remote Storage
|t 0
|e JA1 .C65
|h Library of Congress classification
|i unmediated -- volume
|k v.9
|l 1989
|m A14812920336
|
| 998 |
f |
f |
|a JA1 .C65
|s v.1-11 (1978/1979-1991)
|t 0
|l Remote Storage
|